|
|
|
|
| LEADER |
01950nam a2200529 a 4500 |
| 001 |
nkc20142626710 |
| 003 |
CZ PrNK |
| 005 |
20141016095606.0 |
| 007 |
ta |
| 008 |
140925s2014 xr a e f 000 0 cze |
| 015 |
|
|
|a cnb002626710
|
| 020 |
|
|
|a 978-80-7424-070-6
|q (váz.)
|
| 035 |
|
|
|a (OCoLC)894846397
|
| 040 |
|
|
|a OLA001
|b cze
|
| 041 |
1 |
|
|a cze
|h ger
|
| 072 |
|
7 |
|a 00
|x Věda. Všeobecnosti. Základy vědy a kultury. Vědecká práce
|2 Konspekt
|9 12
|
| 080 |
|
|
|a 930.85
|2 MRF
|
| 080 |
|
|
|a 316.722(3)
|2 MRF
|
| 080 |
|
|
|a 001.94
|2 MRF
|
| 080 |
|
|
|a (0.062)
|2 MRF
|
| 100 |
1 |
|
|a Däniken, Erich von,
|d 1935-2026
|7 jn19990001663
|4 aut
|
| 240 |
1 |
0 |
|a Unmögliche Wahrheiten.
|l Česky
|7 aun2014841714
|
| 245 |
1 |
0 |
|a Nemožné skutečnosti :
|b z Jižní Ameriky i odjinud /
|c Erich von Däniken ; [z německého originálu ... přeložil Jiří Vodvárko]
|
| 246 |
3 |
0 |
|a Nemožné skutečnosti z Jižní Ameriky i odjinud
|
| 250 |
|
|
|a 1. vyd.
|
| 260 |
|
|
|a Liberec :
|b Dialog,
|c 2014
|
| 300 |
|
|
|a 220 s. :
|b il. (převážně barev.) ;
|c 21 cm
|
| 490 |
1 |
|
|a Tajemství
|
| 650 |
0 |
7 |
|a dějiny civilizace
|7 ph137927
|2 czenas
|
| 650 |
0 |
7 |
|a starověké civilizace
|7 ph126030
|2 czenas
|
| 650 |
0 |
7 |
|a záhady
|7 ph127721
|2 czenas
|
| 650 |
0 |
7 |
|a nevysvětlené jevy
|7 ph117239
|2 czenas
|
| 650 |
0 |
7 |
|a mimozemské civilizace
|7 ph122882
|2 czenas
|
| 650 |
0 |
9 |
|a history of civilization
|2 eczenas
|
| 650 |
0 |
9 |
|a ancient civilization
|2 eczenas
|
| 650 |
0 |
9 |
|a mysteries
|2 eczenas
|
| 650 |
0 |
9 |
|a supernatural
|2 eczenas
|
| 650 |
0 |
9 |
|a extraterrestrial civilizations
|2 eczenas
|
| 655 |
|
7 |
|a populárně-naučné publikace
|7 fd131864
|2 czenas
|
| 655 |
|
9 |
|a popular works
|2 eczenas
|
| 700 |
1 |
|
|a Vodvárko, Jiří
|7 ola2003191646
|4 trl
|
| 830 |
|
0 |
|a Tajemství (Dialog)
|0 s
|
| 910 |
2 |
|
|a BOA001
|b 2-1332.490
|
| 990 |
|
|
|a BK
|
| 995 |
|
|
|a 01
|
| 991 |
|
|
|b 201410
|c NOV
|e n
|
| 996 |
6 |
|
|b 2610605969
|c 2-1332.490
|l MZK
|r Sklad / do 1 hodiny
|n 0
|p p.v.
|w 001460078
|u 000010
|a 1
|e BOA001
|j MZK50
|s P
|